000 00282nam a2200109Ia 4500
008 201217s9999 xx 000 0 und d
100 _aDoyle, Peter and Hart, Norman A
245 0 _aCase stuied in International marketing
260 _aLondon
_bHeinemann
300 _a391
942 _cBK
999 _c7112
_d7112